000 01104nam0a22002411 4500
001 rc\3264765
005 20260406211107.0
035 _a(NLR Aleph) 007388871
090 _a6588864
_c6588864
100 _a20130115d1974 |||y0rusy50 ca
101 0 _arus
102 _aRU
105 _ay z |||||
200 1 _aОбзор состояния загрязнения атмосферного воздуха в городах и промышленных центрах на территории деятельности Уральского УГМС за 1974 г.
_fГл. упр. гидрометеорол. службы при СМ СССР... Свердл. гидрометеорол. обсерватория
210 _aСвердловск
_cБ. и.
_d1974
215 _a[1], 222 л.
_cграф.
_d30
333 _aДСП. Экз. № 23
710 0 2 _aУральское управление гидрометеорологической службы
_9432590
_3RU\NLR\AUTH\889968113
801 0 _aRU
_bNLR
_gpsbo
801 1 _aRU
_bELAR
_2rusmarc
852 _aNLR
_j75-50К/2433
942 _cBOOK
980 _aNB